00524cam a22001457a 4500008004000000082001800040245012400058260002200182300001000204650006300214650004300277700002000320700001600340700002200356180718b2002 xxu||||| |||| 00| 0 eng d aA99 Am16/G111 aRags to riches: life and times of Dhirajlal Hirachand Ambanicedited by Daljit Kaur Daba, Soma Kolay and Arti Agnihotri aDelhibXactc2002 a148p. aAmbani, Dhirajlal Hirachand - Criticism and interpretation aAmbani, Dhirajlal Harchand - Biography aAgnihotri, Arti aKolay, Soma aGaba, Daljit Kaur